'Z' in the Middle Quiz Stats

 Plays Quiz Updated Mar 8, 2017

Support Sporcle.
Go Orange.
Score 0/26 Timer 05:00
3 Plays Today
Clue _ _ Z _ _ % Correct
13, to a bakerdozen
93.1%
Brownish-green eye colorhazel
84.1%
Gillette product or scooter brandRazor
84%
Suffering from vertigodizzy
82.2%
'Zoom-zoom' car companyMazda
72.4%
Italian piepizza
71.9%
With 'tov,' Hebrew for 'good luck'mazel
71.4%
Open, as a jacketunzip
67.6%
Earthmover, for shortdozer
67.5%
Simple wind instrumentkazoo
66.1%
Like a teddy bear or moldfuzzy
63%
Jeff who founded Amazon.comBezos
61.2%
Voice between contralto and sopranomezzo
58.2%
Clue _ _ Z _ _ % Correct
Harriet's husband or Hall of Fame shortstop SmithOzzie
56.1%
Elevator background soundMuzak
56%
Head of the Pink Ladies in 'Grease'Rizzo
54.9%
French composer Georges of 'Carmen'Bizet
49.8%
Elia who directed 'On the Waterfront'Kazan
49.5%
Kiwi and Aussie soldiers from WWI and WWIIANZAC
35.5%
Get wrinkled with agewizen
34.7%
Thingamajig or doohickeygizmo
34.6%
Largest island of the PhilippinesLuzon
34.4%
An oriental rug or anyone from Nur-Sultan (var)Kazak
30.3%
Gem holderbezel
28.4%
Peruvian site of ancient lines and geoglyphsNazca
20.1%
To deceive through shrewd trickery; cheatcozen
7.9%

You're not logged in!

Compare scores with friends on all Sporcle quizzes.
OR
Log In
Forgot?

From the Vault

Anyone but Gerald Ford

by lolshortee

Who says you actually need to be elected to become President?
Remove Ads.
Support Sporcle.
Get the best of Sporcle when you Go Orange. This ad-free experience offers more features, more stats, and more fun while also helping to support Sporcle. Thank you for becoming a member.

Show Comments

Extras

Top Quizzes Today


Score Distribution

Your Account Isn't Verified!

In order to create a playlist on Sporcle, you need to verify the email address you used during registration. Go to your Sporcle Settings to finish the process.

Report this User

Report this user for behavior that violates our Community Guidelines.

Details: